Índice de la colección de Luis de Salazar y Castro / (Record no. 50537)

MARC details
000 -LEADER
campo de control de longitud fija 01203nam a2200265 i 4500
001 - NÚMERO DE CONTROL
campo de control 50537
003 - IDENTIFICADOR DE NÚMERO DE CONTROL
campo de control ES-MaACL
005 - FECHA Y HORA DE LA ÚLTIMA TRANSACCIÓN
campo de control 20251009190740.0
007 - CAMPO FIJO DE DESCRIPCIÓN FÍSICA--INFORMACIÓN GENERAL
campo de control de longitud fija t|
008 - DATOS DE LONGITUD FIJA--INFORMACIÓN GENERAL
campo de control de longitud fija 030805m19601966sp ||||1| spa d
080 ## - NÚMERO DE LA CLASIFICACIÓN DECIMAL UNIVERSAL
Número de la Clasificación Decimal Universal 016:929.52(460)(093)
080 ## - NÚMERO DE LA CLASIFICACIÓN DECIMAL UNIVERSAL
Número de la Clasificación Decimal Universal 017.1(460.27 M.)
100 1# - ENTRADA PRINCIPAL--NOMBRE DE PERSONA
Nombre de persona Cuartero y Huerta, Baltasar.
9 (RLIN) 41919
245 10 - MENCIÓN DEL TÍTULO
Título Índice de la colección de Luis de Salazar y Castro /
Mención de responsabilidad, etc. formado por Baltasar Cuartero y Huerta y Antonio de Vargas-Zúñiga y Montero de Espinosa, Marqués de Siete Iglesias.
260 ## - PUBLICACIÓN, DISTRIBUCIÓN, ETC.
Lugar de publicación, distribución, etc. Madrid :
Nombre del editor, distribuidor, etc. Academia de la Historia,
Fecha de publicación, distribución, etc. 1960-66.
300 ## - DESCRIPCIÓN FÍSICA
Extensión 5 v. ;
Dimensiones 25 cm.
505 8# - NOTA DE CONTENIDO CON FORMATO
Nota de contenido con formato Contiene: Tomos XXVI, XXVII, XXVIII, XXIX, XXXVI
530 ## - NOTA DISPONIBLE DE FORMULARIO FÍSICO ADICIONAL
Nota de formato físico adicional disponible Disponible en CD-ROM: Índice de la colección de D. Luis de Salazar y Castro : Madrid, 1949-1979 (49 v.)
600 14 - PUNTO DE ACCESO ADICIONAL DE MATERIA--NOMBRE DE PERSONA
Nombre de persona Salazar y Castro, Luis de,
Fechas asociadas al nombre 1658-1734-
Subdivisión general Archivo-
Subdivisión de forma Catálogos
9 (RLIN) 101832
610 24 - PUNTO DE ACCESO ADICIONAL DE MATERIA--NOMBRE DE ENTIDAD CORPORATIVA
Nombre de entidad corporativa o nombre de jurisdicción como elemento de entrada Real Academia de la Historia (España).
Unidad subordinada Biblioteca-
Subdivisión de forma Catálogos.
9 (RLIN) 6313
700 0# - ENTRADA AGREGADA--NOMBRE PERSONAL
Nombre de persona Vargas-Zúñiga y Montero de Espinosa, Antonio de,
Títulos y otros términos asociados al nombre Marqués de Siete Iglesias
9 (RLIN) 113220
710 2# - ENTRADA AGREGADA--NOMBRE DE ENTIDAD CORPORATIVA
Nombre de entidad corporativa o nombre de jurisdicción como elemento de entrada Real Academia de la Historia (España)
9 (RLIN) 6309
852 4# - LOCALIZACIÓN
Ubicación ES-MaACL
Número de control de estantería P-1189
Holdings
Estatus retirado Estado de pérdida Estado de daño No para préstamo Biblioteca de origen Biblioteca actual Ubicación en estantería Fecha de adquisición Fuente de adquisición Total de préstamos Signatura topográfica completa Código de barras Visto por última vez Precio de reemplazo Tipo de ítem Koha
        Biblioteca del Ateneo de Madrid Biblioteca del Ateneo de Madrid Depósito 2 17/01/2008     P-1189 1053159 23/02/2023 23/02/2023 Libro impreso